banner-ar

دمشق من عصور ما قبل التاريخ الى الدوله المملوكية / (Record no. 59915)

MARC details
000 -الفاتح
حقل البيانات ثابتة الطول 01313nam a22002777a 4500
005 - وقت وتاريخ اخر تعامل مع التسجيلة
رقم الضبط 20240530110343.0
008 - عناصر البيانات ثابتة الطول - معلومات عامة
حقل البيانات ثابتة الطول 141120s2005 ua o gr 000 0dara d
017 ## - رقم الايداع القانونى
رقم الايداع القانونى 15284/2005
المصدر مصر . دار الكتب المصرية
040 ## - مصدر الفهرسة
وكالة الفهرسة الأصلية EG-CaGPL
082 04 - رقم تصنيف ديوى العشرى
رقم الطبعة 21
رقم التصنيف 956.531\
رقم المادة د د
100 1# - المدخل الرئيسى - إسم شخصى
الإسم الشخصى ديجورج ، جيرار
245 10 - بيان العنوان
العنوان دمشق من عصور ما قبل التاريخ الى الدوله المملوكية /
بيان المسئوليه,etc تاليف جيرار ديجورج ؛ ترجمة محمد رفعت عواد ؛ مراجعة وتقديم محمود ماهر طه
250 ## - بيان الطبعة
بيان الطبعة ط1
260 ## - PUBLICATION, DISTRIBUTION, ETC. (IMPRINT)
تاريخ النشر أو التوزيع 2005
300 ## - الوصف المادى
التعداد 238 ص :
تفاصيل ماديه اخرى للوعاء ايض ؛
أبعاد الوعاء 24 سم
504 ## - تبصرة ببليوجرافية
تبصرة ببليوجرافية,الخ ببليوجرافية : ص 239 - 258
651 04 - المدخل الاضافى بالموضوع - اسم جغرافى
الاسم الجغرافي دمشق القديمة
التقسيم الفرعي العام تاريخ
651 04 - المدخل الاضافى بالموضوع - اسم جغرافى
الاسم الجغرافي دمشق القديمة
التقسيم الفرعي العام تاريخ
التقسيم الفرعي الزمني العصر الاموى
651 04 - المدخل الاضافى بالموضوع - اسم جغرافى
الاسم الجغرافي دمشق القديمة
التقسيم الفرعي العام تاريخ
التقسيم الفرعي الزمني العصر العباسى
651 04 - المدخل الاضافى بالموضوع - اسم جغرافى
الاسم الجغرافي دمشق القديمة
التقسيم الفرعي العام تاريخ
التقسيم الفرعي الزمني عصر السلاجقة
651 04 - المدخل الاضافى بالموضوع - اسم جغرافى
الاسم الجغرافي دمشق القديمة
التقسيم الفرعي العام تاريخ
التقسيم الفرعي الزمني عصر المماليك
700 0# - المدخل الاضافى - اسم شخصى
الإسم الشخصى محمد رفعت عواد
الدور مترجم
700 0# - المدخل الاضافى - اسم شخصى
الإسم الشخصى محمود ماهر طه
الدور مراجع ومقدم
942 ## - عناصر المدخل الإضافي( كوها)
مصدر التصنيف او مخطط الترفيف Dewey Decimal Classification
Koha [default] item type كتاب
260 ## - PUBLICATION, DISTRIBUTION, ETC. (IMPRINT)
-- القاهرة :
-- المشروع القومى للترجمة ،
Holdings
حالة التراجع حالة الفقد حالة تلف ليس للاعارة المكان المؤقت الموقع الحالى تاريخ الاكتساب اجمالي اﻻعارات رقم الطلب الباركود تاريخ اخر مشاهدة تاريخ تفعيل السعر نوع وعاء كوها
        مكتبة القاهرة الكبرى مكتبة القاهرة الكبرى 11/20/2014   956.531\ د د 158876 11/20/2014 11/20/2014 كتاب

Powered By

EGPV